000 00447nam a2200169Ia 4500
005 20250508161417.0
008 008 250505s9999 xx 000 0 eng d
037 _aTextual
040 _aFEDL
_beng
_cFEDL
041 _aeng
_2eng
084 _a220, BIB
_qFEDL
245 0 _aGreatest is love
260 _aNew Delhi, India
_bBibles for the World
_c1967
300 _a283p.
942 _cTEXL
_h220, BIB
999 _c1369887
_d1369887